[Event "8. Arber-Schachopen 2019"]
[Site "Bodenmais"]
[Date "2019.07.27"]
[Round "1.11"]
[White "Poetz, Florian"]
[Black "Danninger, Jannik"]
[Result "1-0"]
[WhiteElo "2389"]
[BlackElo "1842"]
[Annotator "TA"]
[PlyCount "171"]
[EventDate "2019.07.27"]
[EventCountry "GER"]
[SourceTitle "playchess.com"]
[Source "ChessBase"]
[SourceQuality "1"]

{[%evp 21,171,38,39,22,26,-95,8,13,6,16,44,27,36,35,29,43,38,20,16,18,43,31,63,62,67,0,45,42,422,422,422,300,422,422,405,396,396,262,339,162,160,154,122,0,0,0,0,0,0,-14,-20,-8,-8,-8,-7,-8,-8,-37,-45,-41,-61,-59,-40,-121,-136,-138,0,0,0,0,0,0,0,0,0,0,0,0,0,0,0,0,0,0,0,0,0,0,0,0,0,0,0,0,6,0,0,0,0,0,0,0,0,0,0,0,0,0,23,23,81,89,113,107,110,109,113,110,133,133,128,127,137,129,130,142,131,23,23,23,31,31,132,31,109,35,32,44,129,117,250,245,672,670,663,652,539,413,1000,981,698,2082]} 1. e4 c5 2. Nf3 d6 3. d4 cxd4 4. Nxd4 Nf6 5. Nc3 g6 6. Be3 Bg7 7. f3 O-O 8. Qd2 Nc6 9. Bc4 Bd7 10. Bb3 Ne5 11. O-O-O Rb8 12. Bh6 {B78: Sicilian Dragon: Yugoslav Attack, 9 Bc4 Bd7 10 0-0-0 Rc8} b5 $1 13. Kb1 (13. h4 $11) 13... a5 (13... Bxh6 $1 $17 14. Qxh6 a5) 14. Bxg7 $11 {The position is equal.} Kxg7 15. f4 $1 {[%cal Rf4e5]} Nc4 16. Bxc4 $1 bxc4 17. Ka1 Qb6 {[%csl Gb8][%cal Rb6b2]} 18. Rb1 Qc5 19. Rhe1 e5 20. Nf3 $146 ({Predecessor:} 20. fxe5 dxe5 {0-1 (39) Alonso,S (2441)-Scarzello,A (2065) La Plata 2009}) 20... a4 21. a3 Rb6 22. f5 Rfb8 23. Ka2 (23. Rf1 $14) 23... Bc6 24. h3 Nxe4 $2 {[%mdl 8192]} (24... h6 $14) 25. Rxe4 $18 (25. Nxe4 $2 Bxe4 26. f6+ (26. Rxe4 $2 c3 $19) 26... Kxf6 $19) 25... Bxe4 26. Nxe4 Qc6 (26... Qc8 $142 27. f6+ (27. Nxd6 c3 $16) 27... Kh8) 27. f6+ Kf8 28. Nc3 Qb7 {[%cal Rb6b2]} 29. Qc1 e4 30. Ka1 (30. Nxa4 $142 Ra6 31. Nc3) 30... d5 (30... exf3 $2 31. Qh6+ Ke8 32. Re1+ Kd7 33. Re7+ Kc6 34. Qe3 $18) 31. Qh6+ (31. Nxa4 $6 Rxf6 32. Qh6+ Ke8 $16) 31... Ke8 {[%cal Rb6b2]} 32. Qg7 (32. Nxa4 Ra6 $17) (32. Qxh7 $16 Rxb2 33. Qg8+ Kd7 34. Qxf7+ {[%mdl 64] Double Attack} Kd6 35. Qxb7 R2xb7 36. Rxb7 Rxb7 37. Ng5) 32... Rxb2 $11 33. Qg8+ {[#]} Kd7 $1 {[%cal Rb2b1]} 34. Qxf7+ Kd6 {[%cal Rb2b1]} 35. Qxb7 R2xb7 36. Rxb7 Rxb7 37. Ng5 $132 {[%mdl 2048] Threatens to win with f7. White is fighting back} e3 38. f7 Rb8 39. Ne2 ({But not} 39. Nxh7 $2 d4 $19) 39... Rf8 {[%mdl 1024] Black has compensation.} 40. Kb2 h6 41. Nf3 Rxf7 42. Kc1 (42. Ned4 $1 $15) 42... g5 $17 43. Ned4 Rf4 (43... h5 $1 $17 {aiming for ...g4.} 44. Nxg5 Rf1+ 45. Kb2 Rf2) 44. g4 $11 e2 {White must now prevent ...Rxd4!} 45. Kd2 Rf6 46. Kxe2 Kc5 47. Kd2 Rb6 48. Nf5 Re6 49. N3d4 Rb6 50. Kc3 Rg6 51. Kd2 Rb6 52. c3 Rb2+ 53. Nc2 $1 Rb6 54. Nb4 Rf6 55. Ke3 Re6+ 56. Kf2 Rf6 57. Nc2 h5 58. Kg3 h4+ 59. Kf2 Rb6 {Hoping for ...Rb3.} 60. Nb4 Rf6 61. Ke2 Re6+ 62. Kd2 Rf6 63. Nc2 Rb6 64. Nfd4 Rf6 {next ...Rf2+ is good for Black.} 65. Ke2 Rb6 (65... Rg6 $11) 66. Nf3 $1 $16 Rg6 67. Ke3 Rg8 68. Ncd4 Kd6 69. Nf5+ $1 Kc5 70. Kd2 Rg6 71. N3d4 Rb6 72. Kc2 Rf6 73. Nf3 Rg6 {[#]} 74. N5d4 (74. Kd2 $1 $16) 74... Kd6 $11 75. Kd2 Rg8 76. Nf5+ Kc5 (76... Kd7 $14) 77. Ne3 (77. Ne5 $16) 77... Rg6 {[#]} (77... Kc6 $14) 78. Ne5 (78. Ke2 $1 $16) 78... Re6 $14 79. Nf7 Rg6 ({Better is} 79... d4 $1 $14 80. cxd4+ Kxd4 81. Nc2+ Kd5) 80. Nf5 $16 Rg8 (80... Kb6 $16 {might work better.} 81. Ke3 Kc5) 81. Nd4 $18 Rg6 $2 {[#]} (81... Kb6 82. Nf3 Kc7 83. N7xg5 (83. N3xg5 Rb8 $16) 83... Rb8) 82. Nxg5 $1 {[%mdl 512]} Rb6 (82... Rxg5 83. Ne6+) 83. Kc2 Rf6 84. Ngf3 Rh6 (84... Kd6 $142 85. Kd2 (85. Nxh4 Rf2+ 86. Kd1 Rf1+ 87. Ke2 Rh1 $18) 85... Rf4 86. Nf5+ Kd7) 85. g5 Rg6 86. Nxh4 {Accuracy: White = 62%, Black = 43%.} 1-0

[Event "8. Arber-Schachopen 2019"]
[Site "Bodenmais"]
[Date "2019.07.27"]
[Round "1.12"]
[White "Navarro Gevers, Daniel"]
[Black "Hopman, Pieter"]
[Result "0-1"]
[WhiteElo "1813"]
[BlackElo "2347"]
[Annotator "TA"]
[PlyCount "76"]
[EventDate "2019.07.27"]
[EventCountry "GER"]
[SourceTitle "playchess.com"]
[Source "ChessBase"]
[SourceQuality "1"]

{[%evp 9,76,8,13,-22,7,0,0,0,0,8,5,0,20,-2,1,-19,10,-10,10,0,8,0,22,-18,0,-12,0,-40,0,-101,-96,-91,-91,-90,-107,-116,-95,-100,-91,-100,-101,-168,-166,-446,-445,-596,-596,-2649,-2275,-2021,-1797,-2370,-2313,-29986,-29987,-29989,-29989,-29988,-1518,-1512,-1507,-1484,-1470,-1500,-1485,-1475,-1441,-1433,-1328]} 1. d4 d6 2. Bg5 h6 3. Bh4 c5 (3... g6 4. c4 Bg7 5. Nc3 c5 6. d5 Qa5 7. Nf3 g5 8. Bg3 Bxc3+ 9. bxc3 Qxc3+ 10. Nd2 Nf6 11. f3 {1-0 (41) Sokolov,I (2657)-Bologan,V (2688) Kragujevac 2009}) 4. dxc5 Qa5+ 5. Nd2 Qxc5 6. Ngf3 {A41: 1 d4 d6: Tartakower System and Modern Defence} Nc6 $146 ({Predecessor:} 6... Nd7 7. e3 Ngf6 8. Be2 g6 9. O-O Bg7 10. a3 O-O 11. Rb1 {½-½ (49) Messmer,M (2315)-Roth,J (2255) Germany 1994}) 7. e3 g5 8. Bg3 {The position is equal.} Bg7 9. c3 Nf6 10. Bd3 a5 11. Qc2 a4 12. Nd4 Bd7 13. Nf5 Bxf5 14. Bxf5 Nh5 15. Ne4 Qa5 16. Bg4 Nf6 17. Nxf6+ Bxf6 18. Bf3 a3 {Hoping for ...axb2.} (18... g4 $5 {[%cal Rg4f3]} 19. Bxc6+ (19. Bxg4 h5 $17) 19... bxc6 $11) 19. Bxc6+ (19. b4 $11 {remains equal.} Nxb4 20. cxb4 Qxb4+ 21. Ke2 Qb5+ 22. Qd3 Qb2+ {[%mdl 64] Double Attack} 23. Qd2 Qb5+ 24. Qd3 Qb2+ {[%mdl 64] Double Attack} 25. Qd2 Qb5+ 26. Qd3) 19... bxc6 $17 20. b4 Qb5 21. Rb1 Qc4 22. Rb3 h5 {aiming for ...h4.} 23. f3 h4 24. Bf2 g4 25. e4 (25. fxg4 $17 {keeps fighting.} Ra4 26. Kd2) 25... h3 $36 {[%mdl 2048] Black is on the roll.} 26. gxh3 $2 (26. g3) 26... Rxh3 27. Rg1 Rxf3 28. Rxg4 {intending Qe2.} Bxc3+ 29. Rxc3 Rxc3 30. Qd1 Rc1 31. Rg8+ {[#]} Kd7 $1 32. Rxa8 Qxb4+ 33. Ke2 Rxd1 (33... Qxe4+ $142 34. Be3 Qg4+ 35. Kf2 Rxd1 36. Ra7+ Ke6 37. Ra4 Qg1+ 38. Kf3 Rf1+ 39. Ke4 Qg6+ 40. Kd4 {[#]} Qc2 $1 {[%mdl 576] Double Attack} 41. Bf2 Rxf2 42. Rxa3 c5+ 43. Ke3 Qe2#) 34. Kxd1 {Black is clearly winning.} Qb1+ 35. Ke2 Qxe4+ 36. Kf1 Qc4+ 37. Kg2 Qxa2 38. h4 Qb2 {Accuracy: White = 20%, Black = 45%.} 0-1

[Event "8. Arber-Schachopen 2019"]
[Site "Bodenmais"]
[Date "2019.07.27"]
[Round "1.13"]
[White "Hausner, Ivan"]
[Black "Brands, Kevin"]
[Result "1-0"]
[WhiteElo "2370"]
[BlackElo "1799"]
[Annotator "TA"]
[PlyCount "69"]
[EventDate "2019.07.27"]
[EventCountry "GER"]
[SourceTitle "playchess.com"]
[Source "ChessBase"]
[SourceQuality "1"]

{[%evp 19,68,37,20,35,31,20,83,43,43,44,52,44,39,46,38,37,135,67,117,92,120,97,123,134,283,15,24,22,244,239,361,375,392,183,585,358,392,365,454,439,2682,2718,6470,6383,2422,2182,29988,29989,29989,29988,29999]} 1. Nf3 Nf6 2. g3 g6 3. Bg2 Bg7 4. O-O O-O 5. d3 d5 6. Nbd2 c5 7. e4 e6 8. Re1 Nc6 9. c3 Re8 10. e5 Nd7 {[%cal Rd7e5]} 11. d4 {A08: King's Indian Attack} b5 (11... f6 12. exf6 Qxf6 13. Nb3 c4 14. Nbd2 e5 15. b3 cxb3 16. Qxb3 Kh8 17. Qxd5 Nb6 18. Qb5 Bf5 {1-0 (46) Amin,B (2680)-Stupak,K (2573) Abu Dhabi 2017}) 12. Nf1 {[%cal Bd2f1,Bf1e3,Be3g4,Bg4h6][%mdl 32]} a5 $146 (12... b4 $11 {keeps the balance.}) ({Predecessor:} 12... Rb8 13. Bg5 Qb6 14. Qd2 Ne7 15. Rac1 a5 16. Qf4 Nf5 17. g4 h6 18. gxf5 hxg5 19. Nxg5 gxf5 {½-½ (72) Ruttkay,P (2101)-Bodrogi,M (2082) Hungary 2014}) 13. Bf4 {White is better.} Ba6 14. Ne3 b4 15. Ng4 bxc3 16. bxc3 cxd4 17. cxd4 Nb4 ({Better is} 17... h5 $14 18. Nh6+ Bxh6 19. Bxh6 Bc4) 18. Bh6 (18. Qd2 $1 $16) 18... Bxh6 19. Nxh6+ Kg7 20. Qd2 Nd3 21. Ng4 {Strongly threatening Qh6+.} Rh8 (21... Kg8 $16 {might work better.}) 22. Re3 $2 ({Only move:} 22. Qh6+ $1 $18 Kg8 23. Re3) 22... h5 $11 23. Nf6 $1 $36 {[%mdl 2048] White has the initiative.} Nb4 $2 {[#]} (23... Nxf6 $11 {and Black stays safe.} 24. exf6+ Qxf6) 24. Ng5 $1 $18 Nb6 (24... Rc8 $142) 25. Rf3 Ra7 {[#]} 26. Bh3 (26. Nxh5+ $142 $1 {[%mdl 512]} Kg8 (26... gxh5 27. Rxf7+) 27. Nf6+ Kg7 28. Ng4) 26... Re7 $2 (26... Nc4 {is more resistant.} 27. Qf4 Qe7) 27. a3 Nc6 28. Rc1 Nc4 29. Qf4 Qc7 {[#]} (29... Qf8 $142 30. Nd7 Qe8) 30. Nxd5 $1 {[%mdl 512]} exd5 31. Qf6+ Kg8 32. e6 {[%cal Re6f7]} Nd8 33. exf7+ {[%mdl 64] Discovered Attack. White mates.} Rxf7 34. Qxg6+ Rg7 35. Qe8# {Accuracy: White = 49%, Black = 23%.} 1-0

[Event "8. Arber-Schachopen 2019"]
[Site "Bodenmais"]
[Date "2019.07.27"]
[Round "1.14"]
[White "Simacek, Vaclav"]
[Black "Schleining, Zoya"]
[Result "0-1"]
[WhiteElo "1809"]
[BlackElo "2339"]
[Annotator "TA"]
[PlyCount "64"]
[EventDate "2019.07.27"]
[EventCountry "GER"]
[SourceTitle "playchess.com"]
[Source "ChessBase"]
[SourceQuality "1"]

{[%evp 9,64,-16,-6,-14,-16,-31,-24,-30,-42,-54,-42,-55,-45,-31,-43,-37,-23,-27,-28,-42,-38,-31,10,0,30,27,26,0,20,20,20,20,78,30,34,-291,-287,-596,-469,-480,-478,-525,-502,-526,-532,-777,-842,-833,-831,-818,-843,-808,-739,-1211,-1019,-779,-637]} 1. e4 c5 2. b4 d6 3. bxc5 dxc5 4. Nf3 (4. Nc3 Nc6 5. f4 e5 6. Nf3 exf4 7. Bc4 Be7 8. O-O Nf6 9. d3 Nd4 10. Ne5 Be6 11. Bxf4 Bxc4 12. Nxc4 {0-1 (71) Dimitrov,P (2331)-Dourerassou,J (2473) Bastia 2014}) 4... Nf6 5. e5 Nd5 $1 6. Bc4 {B20: Sicilian: Unusual White 2nd moves} Nc6 7. Bb2 Bf5 $146 ({Predecessor:} 7... e6 8. Nc3 Nxc3 9. Bxc3 Be7 10. O-O O-O {½-½ (37) Haddad Filho,P (1883)-La Orden Gil,J (1991) Benidorm 2015}) 8. O-O {Black has an edge.} e6 9. Nc3 Be7 10. Qe2 O-O 11. Nxd5 exd5 12. Bd3 Be6 {[#] Strongly threatening ...c4.} 13. c3 Qd7 14. a4 {[%cal Ba2a4,Ba4a5][%mdl 32]} Rae8 15. Bc2 f5 16. d4 c4 17. a5 f4 18. Ba3 Bxa3 19. Rxa3 Qe7 20. Ra2 Rb8 (20... Qd8 $11) 21. h4 Bg4 22. Bxh7+ $2 {[%mdl 8192] [#]} (22. Rb1 $14 {keeps the upper hand.}) 22... Kxh7 $19 23. e6 $2 (23. Qc2+ {is more resistant.} g6 24. Ng5+ Kg7 25. g3) 23... Bxf3 {Black is clearly winning.} 24. Qxf3 Qxe6 25. Re2 Qf5 26. Rfe1 Rf6 27. Re5 Nxe5 28. Rxe5 Qb1+ 29. Kh2 Rf5 30. Qxd5 Rbf8 31. Qxc4 Rxe5 32. dxe5 Qf5 {Accuracy: White = 25%, Black = 67%.} 0-1

[Event "8. Arber-Schachopen 2019"]
[Site "Bodenmais"]
[Date "2019.07.27"]
[Round "1.15"]
[White "Pohl-Kuemmel, Jens-Uwe"]
[Black "Tober, Julian"]
[Result "1-0"]
[WhiteElo "2288"]
[BlackElo "1796"]
[Annotator "TA"]
[PlyCount "83"]
[EventDate "2019.07.27"]
[EventCountry "GER"]
[SourceTitle "playchess.com"]
[Source "ChessBase"]
[SourceQuality "1"]

{[%evp 23,83,16,47,37,72,40,72,41,70,56,68,60,88,66,86,63,168,165,150,148,204,218,285,96,128,97,115,93,113,101,103,101,100,75,235,225,210,72,108,89,87,70,73,66,69,71,171,127,142,85,68,71,80,89,66,-30,-93,-32,0,0,29992,694]} 1. d4 Nf6 2. Nf3 d5 3. c4 e6 4. g3 c6 5. Qc2 Nbd7 6. Bg2 Be7 7. O-O O-O 8. Nbd2 b6 9. e4 dxe4 10. Nxe4 Bb7 11. Rd1 Nxe4 12. Qxe4 Nf6 13. Qe2 {E09: Closed Catalan: Main Line: 7 Qc2 c6 8 Nbd2} Bd6 (13... Qc8 14. Bf4 Rd8 15. Rac1 Bd6 16. Bxd6 Rxd6 17. c5 Rd8 18. Ne5 Nd5 19. Be4 Qc7 20. a3 g6 21. h4 f6 22. cxb6 axb6 23. Nxc6 Bxc6 24. Bxd5 exd5 25. Qe6+ Qf7 26. Rxc6 {1-0 (26) Mareco,S (2645)-Leskovar,M (2306) chess.com INT 2017}) 14. b3 $146 ({Predecessor:} 14. Ne5 Rc8 15. Bg5 h6 16. Bxf6 gxf6 17. Ng4 f5 18. Ne5 Qc7 19. Rac1 Bxe5 20. dxe5 c5 {½-½ (37) Garcia,E (1986)-Nogueira,C (1801) Brasilia 2018}) 14... a5 15. a4 {White is better.} Ra7 16. Bb2 Re8 17. Rac1 Qa8 18. c5 Bc7 19. Ne5 Nd5 (19... bxc5 $14 20. dxc5 Nd5) 20. cxb6 $18 Bxb6 21. Qh5 g6 (21... Ba6 $16 {was necessary.} 22. Rxc6 Qd8 23. Bxd5 (23. Be4 Nf6 $11) 23... exd5) 22. Qh6 f6 {[#]} 23. Nc4 $2 (23. Nxg6 $1 $18 {[%mdl 512] and White stays clearly on top. Threatens to win with Nf4.} Qd8 (23... hxg6 24. Bxd5) 24. Nf4) 23... Bc7 24. Ba3 Qd8 25. Bc5 Ra8 26. Re1 Qd7 27. h4 Ba6 28. Bh3 Bxc4 $2 (28... Rab8 $16) 29. bxc4 Nb4 {[#]} 30. Qd2 (30. d5 $1 $18 {[%cal Rh3e6] is more deadly.} cxd5 31. Bxb4 axb4 32. cxd5) 30... Bd6 {...Bxc5 is the strong threat.} 31. Bxd6 Qxd6 32. Rcd1 Rad8 33. Qe2 {[%cal Rh3e6]} Kf7 34. h5 g5 (34... e5 $16 {keeps fighting.}) 35. Qe4 f5 {[#]} 36. Bxf5 (36. Qb1 $142 $1) 36... exf5 $16 37. Qxf5+ {[%mdl 64] Double Attack} Qf6 38. Qxh7+ Kf8 39. Qa7 (39. Re3 $1 $14) 39... Rxe1+ $11 40. Rxe1 Nd3 (40... Nc2 $5 {[%cal Rc2e1]} 41. Qc5+ Kf7 42. Qa7+ Kg8 $17) 41. Re2 Qf3 $2 {[%mdl 8192] [#]} (41... Nc1 $11 42. Qc5+ Kf7) 42. Qe7+ $1 {[%mdl 576] Double Attack. Accuracy: White = 37%, Black = 26%.} 1-0

[Event "8. Arber-Schachopen 2019"]
[Site "Bodenmais"]
[Date "2019.07.27"]
[Round "1.16"]
[White "Mittermaier, Johann"]
[Black "Woelk, Tom-Frederic"]
[Result "0-1"]
[WhiteElo "1842"]
[BlackElo "2229"]
[Annotator "TA"]
[PlyCount "56"]
[EventDate "2019.07.27"]
[EventCountry "GER"]
[SourceTitle "playchess.com"]
[Source "ChessBase"]
[SourceQuality "1"]

{[%evp 17,56,27,45,26,36,11,4,-24,-24,-69,-47,-77,-72,-147,-138,-145,-146,-132,-143,-187,-158,-184,-182,-189,-166,-175,-149,-161,-161,-197,-184,-197,-208,-354,-316,-393,-378,-579,-564,-564,-570]} 1. e4 c5 2. c3 Nf6 3. e5 Nd5 4. d4 cxd4 5. Nf3 e6 6. cxd4 d6 7. a3 Be7 8. Bd3 Nc6 9. O-O Bd7 10. Bd2 {B22: Sicilian: 2 c3} (10. b4 Rc8 11. Nbd2 Nf4 12. Bb1 Nxe5 13. Be4 Ned3 14. g3 d5 15. Bxd3 Nxd3 16. Qe2 Rxc1 17. Rfxc1 f6 {0-1 (36) Vajic,G (2294)-Nestorovic,L (2370) Sarajevo 2018}) 10... Qb6 11. exd6 $146 ({Predecessor:} 11. Nc3 Nxc3 12. Bxc3 d5 13. Rc1 a6 14. Qd2 O-O 15. Bb1 f6 16. Qd3 f5 17. Rfd1 Rac8 {0-1 (77) Cemborain Oricain,A (1913)-Sgircea,S (2255) Calvia 2012}) 11... Bxd6 12. Bc3 {The position is equal.} Nce7 13. Ne5 Bb5 14. Nc4 Bxc4 $1 15. Bxc4 {[#]} ({White should play} 15. Qa4+ Kf8 16. Qxc4) 15... Bxh2+ $1 $17 {[%mdl 512]} 16. Kh1 (16. Kxh2 Qc7+) 16... Bf4 17. Qa4+ Kf8 18. Qd1 g6 19. Ba2 Rc8 20. Nd2 Kg7 21. Ne4 Rhd8 22. Qe2 h5 23. g3 Bb8 24. Rae1 Nf5 25. Nc5 {[#]} (25. Qf3 $142) 25... Bxg3 $1 {[%mdl 512]} 26. Bb1 {intending Bxf5.} (26. fxg3 Nxg3+) 26... Bb8 27. Bxf5 (27. Qf3 $142) 27... exf5 $19 28. Qf3 Qc7 {Accuracy: White = 27%, Black = 63%.} 0-1

[Event "8. Arber-Schachopen 2019"]
[Site "Bodenmais"]
[Date "2019.07.27"]
[Round "1.17"]
[White "Vuckovic, Zarko"]
[Black "Dosch, Markus"]
[Result "1-0"]
[WhiteElo "2214"]
[BlackElo "1787"]
[Annotator "TA"]
[PlyCount "49"]
[EventDate "2019.07.27"]
[EventCountry "GER"]
[SourceTitle "playchess.com"]
[Source "ChessBase"]
[SourceQuality "1"]

{[%evp 14,49,-10,-17,-14,-16,8,0,58,47,41,18,29,32,39,39,46,46,81,50,70,70,66,62,58,60,54,50,310,308,276,300,325,319,515,552,1511,1490]} 1. e4 e6 2. d4 d5 3. e5 c5 4. c3 Nc6 5. Nf3 Qb6 6. a3 c4 7. g3 Bd7 8. Bg2 Nge7 {C02: French: Advance Variation} (8... Na5 9. Nbd2 Ne7 10. O-O Nf5 11. Re1 h5 12. h4 Be7 13. Rb1 O-O-O 14. Qc2 Kb8 15. Bh3 Ka8 16. Nf1 Nb3 17. Bf4 Rdf8 18. Ne3 Nxe3 19. Rxe3 {½-½ (50) Hernandez Guerrero,G (2538)-Gonzalez Zamora,J (2510) Cuernavaca 2003}) 9. O-O Ng6 10. h4 $146 ({Predecessor:} 10. Re1 Be7 11. Nbd2 O-O 12. b3 cxb3 13. Nxb3 Rfc8 14. Rb1 Qc7 15. Qd3 b5 16. Bb2 {½-½ (32) Koenig,T (1620)-Barbanera,F (1545) Karlsruhe 2007}) 10... h5 (10... Na5 $11) 11. Nbd2 $14 {[%cal Bb1d2,Bd2f3,Bf3h2][%mdl 32]} Na5 12. Ng5 {[#] Threatens to win with Qf3.} Be7 13. Ndf3 Nb3 14. Rb1 Ba4 15. Be3 Qc7 16. Qe2 a5 17. Nh2 Nf8 18. f4 g6 19. f5 gxf5 20. Bf3 f6 $2 {[%mdl 8192]} (20... Bxg5 $14 21. Bxg5 Nh7) 21. Bxh5+ $18 Kd7 22. Nf7 {[#] And now Bf4 would win.} Rg8 23. Bf4 {Strongly threatening exf6.} Bd8 $2 (23... Qb6 {was worth a try.} 24. exf6 Bxf6) 24. exf6 Qc6 25. Ne5+ {[%mdl 64] Double Attack. Accuracy: White = 74%, Black = 30%.} 1-0

[Event "8. Arber-Schachopen 2019"]
[Site "Bodenmais"]
[Date "2019.07.27"]
[Round "1.18"]
[White "Desoye, Gernot"]
[Black "Senner, Peter"]
[Result "0-1"]
[WhiteElo "1777"]
[BlackElo "2231"]
[Annotator "TA"]
[PlyCount "77"]
[EventDate "2019.07.27"]
[EventCountry "GER"]
[SourceTitle "playchess.com"]
[Source "ChessBase"]
[SourceQuality "1"]

{[%evp 9,77,-68,-64,-60,-65,-77,-52,-74,-76,-96,-73,-107,-104,-112,-42,-52,-64,-62,-63,-175,-135,-195,-136,-137,-160,-127,-20,-12,-17,-16,9,-86,-91,-101,-88,-100,-85,-154,-133,-241,-212,-304,-133,-207,-3,-43,0,0,0,0,246,0,0,0,91,9,264,285,292,153,145,115,107,107,93,82,90,95,85,-2132]} 1. d4 f5 2. Nc3 d5 3. f3 Nf6 4. Nh3 (4. Bg5 c5 5. e3 e6 6. Nh3 Nc6 7. Bb5 h6 8. Bxf6 Qxf6 9. Qd2 a6 10. Bxc6+ bxc6 11. Nf4 g5 12. Nfe2 {0-1 (46) Markoja,B (2430)-Lagarde,M (2616) Skopje 2018}) 4... e6 5. Nf2 c5 6. e3 $146 {A80: Dutch Defence: Unusual White second moves} ({Predecessor:} 6. Be3 Nc6 7. Nb1 Qb6 8. dxc5 Qxb2 9. Nd2 Nb4 {½-½ (17) Horvath,L (2180)-Horvath,M (1942) Hungary 2008}) 6... Nc6 7. Ne2 Be7 8. c3 {Black is slightly better.} O-O 9. Ng3 e5 10. Bb5 cxd4 11. exd4 e4 (11... exd4 $17 12. O-O dxc3 13. bxc3 Bd6) 12. O-O $15 Bd6 13. Bg5 Qc7 14. f4 ({White should play} 14. fxe4 $1 $15 fxe4 15. Nh5) 14... Be6 15. c4 (15. Qe2 $17) 15... dxc4 ({Black should try} 15... e3 $19 16. Nh3 dxc4) 16. Bxf6 $17 Rxf6 ({Stronger than} 16... gxf6 17. d5 $14) 17. d5 Bxf4 (17... e3 $17 18. Nfe4 fxe4 19. dxe6 Bxf4 20. Bxc6 bxc6) 18. dxe6 $11 Bxg3 19. hxg3 e3 20. Nh3 (20. Bxc4 $11 exf2+ 21. Rxf2) 20... e2 $1 $17 21. Qxe2 Qb6+ {[%mdl 64] Double Attack} 22. Rf2 Qxb5 23. Re1 (23. Rd1 $142) 23... Re8 24. Qh5 (24. Nf4 $17 {was necessary.}) 24... g6 $19 ({Wrong is} 24... Rfxe6 $2 25. Rxe6 Rxe6 26. Ng5 $1 $18 {[%mdl 512]}) 25. Qh6 (25. Qd1 $142) 25... Qb4 ({Don't take} 25... Rexe6 26. Rfe2 $19) (25... Rfxe6 $19 26. Rxe6 Rxe6) 26. Rfe2 {[#]} (26. Re3 $17) 26... Qf8 $2 (26... Nd4 $1 $19 {[%cal Rd4e2]} 27. Rd2 Rfxe6 28. Rxe6 Nxe6) 27. Qf4 Qc5+ 28. Kh2 $1 Qd4 29. Qh6 $36 {[%mdl 2048] Black is under pressure.} Rff8 $2 (29... c3 $11 {and Black is okay.}) 30. Rd2 $2 ({Only move:} 30. e7 $18 Rf7 31. Ng5) 30... Qg7 $11 31. Qf4 h6 (31... Re7 $11 {remains equal.}) 32. Qxc4 ({Better is} 32. Rd7 $16 Qxb2 33. Qxh6) 32... Re7 $2 {[%mdl 8192] [#]} (32... g5 $11 {and Black has nothing to worry.}) 33. Nf4 $1 $18 Kh8 34. Rd7 (34. Qc5 $18) 34... g5 $16 35. Rxe7 Nxe7 {White is better.} 36. Nd5 f4 37. gxf4 Nxd5 38. Qxd5 {Threatens to win with e7.} gxf4 39. e7 $2 {[%mdl 8192] Accuracy: White = 26%, Black = 31%.} (39. Re2 $16) 0-1

[Event "8. Arber-Schachopen 2019"]
[Site "Bodenmais"]
[Date "2019.07.27"]
[Round "1.19"]
[White "Kleibel, Uwe"]
[Black "Schumacher, Ralph"]
[Result "1-0"]
[WhiteElo "2217"]
[BlackElo "1771"]
[Annotator "TA"]
[PlyCount "47"]
[EventDate "2019.07.27"]
[EventCountry "GER"]
[SourceTitle "playchess.com"]
[Source "ChessBase"]
[SourceQuality "1"]

{[%evp 9,47,51,69,56,57,41,60,64,94,47,50,25,23,7,202,193,244,247,245,243,266,276,285,276,235,212,583,592,504,407,731,722,714,642,728,710,798,778,985,962]} 1. e4 d5 2. exd5 Qxd5 3. Nc3 Qa5 4. d4 c6 5. Bd2 Qc7 6. Bd3 {B01: Scandinavian Defence} (6. Bc4 Nf6 7. Nf3 Bf5 8. Nh4 Bg6 9. Bb3 Nbd7 10. Qe2 e6 11. Nxg6 hxg6 12. g3 O-O-O 13. O-O-O Nb6 14. Ne4 Rxd4 15. Ng5 Rd7 16. Bf4 Bd6 17. Bxd6 Rxd6 18. Rxd6 {1-0 (18) Mista,A (2598)-Andrejczuk,B (2088) Zgierz 2017}) 6... Nf6 7. Nge2 Bg4 8. f3 {And now Bf4 would win.White is slightly better.} Bh5 9. Nf4 Bg6 10. Ne4 $146 {[%cal Bc3e4,Be4g5,Bg5f7][%mdl 32]} ({Predecessor:} 10. Qe2 e6 11. O-O-O Bd6 12. Nxg6 hxg6 13. h4 Nbd7 14. g4 O-O-O {1-0 (64) Bekiragaoglu,U (1530)-Buke,F (1579) Cesme 2016}) 10... Nbd7 11. Qe2 $36 {[%mdl 2048] White is more active.} O-O-O $2 (11... Bxe4 $11 {and Black stays safe.} 12. Bxe4 (12. fxe4 e5 $11) 12... Nxe4 13. Qxe4 e6) 12. Nxg6 $18 hxg6 (12... fxg6 {might work better.} 13. Ng5 e5) 13. Ng5 Rxh2 14. Rxh2 Qg3+ {[#]} 15. Qf2 $1 {[%cal Rf2g3]} Qxh2 16. O-O-O ({Don't play} 16. Nxf7 $6 Re8 $18) 16... e5 17. Nxf7 e4 $2 (17... Re8 {is more resistant.} 18. Nxe5 Nxe5) 18. fxe4 Re8 19. Ng5 Qc7 (19... Be7 $142 20. e5 Nd5 21. Bxg6 Rf8) 20. e5 {White is clearly winning.} Ng4 21. Qf4 Ngxe5 22. dxe5 Nxe5 {[#]} 23. Bxg6 $1 {[%mdl 512]} Bd6 (23... Nxg6 24. Qf5+) 24. Qf5+ {Accuracy: White = 61%, Black = 45%.} 1-0